[Event "El Prat de Llobregat op 4th"]
[Site "El Prat de Llobregat"]
[Date "2023.03.24"]
[Round "8"]
[White "Mestres Gonzalez, David"]
[Black "Marin Ripoll, Marti"]
[Result "1/2-1/2"]
[WhiteElo "1747"]
[BlackElo "1695"]
[PlyCount "23"]
[EventDate "2023.02.03"]
[EventType "swiss"]
[EventRounds "9"]
[EventCountry "ESP"]
[SourceTitle "EXT 2024"]
[Source "ChessBase"]
[SourceDate "2023.10.10"]
[SourceVersion "1"]
[SourceVersionDate "2023.10.10"]
[SourceQuality "1"]

1. Nf3 Nf6 2. g3 g6 3. b3 Bg7 4. Bb2 d6 5. d4 0-0 6. Bg2 e5 7. dxe5 Ng4 8. 0-0 Nc6 9. c4 Ngxe5 10. Qd2 Nxf3+ 11. Bxf3 Bxb2 12. Qxb2 1/2-1/2

[Event "Catalan-ch U10/20"]
[Site "Tarragona"]
[Date "2022.04.13"]
[Round "7"]
[White "Garcia Escoda, Marc"]
[Black "Mestres Gonzalez, David"]
[Result "1-0"]
[WhiteElo "2125"]
[BlackElo "1626"]
[PlyCount "49"]
[EventDate "2022.04.09"]
[EventType "swiss"]
[EventRounds "9"]
[EventCountry "ESP"]
[SourceTitle "EXT 2023"]
[Source "ChessBase"]
[SourceDate "2022.10.05"]
[SourceVersion "1"]
[SourceVersionDate "2022.10.05"]
[SourceQuality "1"]

1. Nf3 Nf6 2. g3 g6 3. b3 Bg7 4. Bb2 0-0 5. Bg2 d5 6. 0-0 c5 7. d3 Nc6 8. Nbd2 Qc7 9. e4 dxe4 10. dxe4 Bg4 11. h3 Bxf3 12. Qxf3 Rad8 13. Rad1 Nd4 14. Bxd4 Rxd4 15. e5 Nd7 16. e6 fxe6 17. Qxb7 Qxb7 18. Bxb7 Ne5 19. Ne4 Rfd8 20. Rxd4 cxd4 21. f4 Nf7 22. Ba6 e5 23. Bc4 h6 24. fxe5 Rf8 25. Nc5 1-0

[Event "Catalan-ch U10/20"]
[Site "Tarragona"]
[Date "2022.04.11"]
[Round "5"]
[White "Castilla Casanova, Victor"]
[Black "Mestres Gonzalez, David"]
[Result "1/2-1/2"]
[WhiteElo "1564"]
[BlackElo "1626"]
[PlyCount "39"]
[EventDate "2022.04.09"]
[EventType "swiss"]
[EventRounds "9"]
[EventCountry "ESP"]
[SourceTitle "EXT 2023"]
[Source "ChessBase"]
[SourceDate "2022.10.05"]
[SourceVersion "1"]
[SourceVersionDate "2022.10.05"]
[SourceQuality "1"]

1. e4 c5 2. Nc3 d6 3. g3 g6 4. Bg2 Bg7 5. f4 Nc6 6. d3 e6 7. Nf3 Nge7 8. 0-0 0-0 9. Be3 b6 10. d4 cxd4 11. Nxd4 Bb7 12. Qd2 Nxd4 13. Bxd4 Bxd4+ 14. Qxd4 Qc7 15. Qf6 Qc5+ 16. Kh1 d5 17. f5 exf5 18. exf5 Nxf5 19. Rxf5 gxf5 20. Qg5+ 1/2-1/2